载入...

KEVALADVAITAOATHAORATISEDHA

书目详细资料
主要作者: NAGA LINGA SIVASADDYA
格式: Printed Book
出版: TENNALI SARADA PRESS 1935
主题:
LEADER 00421nam a2200169 4500
020
082
100 |a NAGA LINGA SIVASADDYA 
245 |a KEVALADVAITAOATHAORATISEDHA  |h SANSKRIT 
250
260 |a TENNALI  |b SARADA PRESS  |c 1935 
300 |f PB 
650 |a KEVALADVAITAOATHAORATISEDHA 
700
942 |c BK 
999 |c 159354  |d 159354 
952 |0 0  |1 0  |4 0  |7 0  |9 172811  |a ORI  |b ORI  |l 0  |p ORIS1169  |r 2019-10-25  |w 2019-10-25  |y BK